| 000 | 00448nam a22001697a 4500 | ||
|---|---|---|---|
| 005 | 20180813155426.0 | ||
| 008 | 160531b xxu||||| |||| 00| 0 eng d | ||
| 020 | _a978-0-07-014495-8 | ||
| 041 | _aeng | ||
| 082 |
_b6286 _a658.4 |
||
| 100 |
_aKoontz, Harold & Weihrich, Heinz _91577 |
||
| 245 | _aEssentials of Management:an international perspective | ||
| 260 |
_bTMH _c2009 _adelhi |
||
| 300 | _a446p, | ||
| 650 |
_aManagement _9241 |
||
| 942 | _cBK | ||
| 999 |
_c2227 _d2226 |
||